Microsoft MS-DOS : User guide and reference for the MS-DOS operating system version 5.0

Sparad:
Bibliografiska uppgifter
Institutionell upphovsman: Microsoft Corporation
Materialtyp: Bok
Språk:Undetermined
Publicerad: U.S.A. Microsoft Corporation 1991
Ämnen:
Taggar: Lägg till en tagg
Inga taggar, Lägg till första taggen!
Thư viện lưu trữ: Trung tâm Học liệu Trường Đại học Cần Thơ
LEADER 00586nam a2200193Ia 4500
001 CTU_160623
008 210402s9999 xx 000 0 und d
082 |a 005.4 
082 |b M626 
110 |a Microsoft Corporation 
245 0 |a Microsoft MS-DOS : 
245 0 |b User guide and reference for the MS-DOS operating system version 5.0 
245 0 |c Microsoft Corporation 
260 |a U.S.A. 
260 |b Microsoft Corporation 
260 |c 1991 
650 |a DOS (Computer programs),Operating systems 
904 |i Giang 
980 |a Trung tâm Học liệu Trường Đại học Cần Thơ